Investing in the future : (Record no. 213169)

MARC details
000 -CABECERA
campo de control de longitud fija 00843nam a22002417a 4500
003 - IDENTIFICADOR DEL NÚMERO DE CONTROL
campo de control UPN
005 - FECHA Y HORA DE LA ÚLTIMA TRANSACCIÓN
campo de control 20250430142005.0
008 - ELEMENTOS DE LONGITUD FIJA--INFORMACIÓN GENERAL
campo de control de longitud fija 250430s2004 -cnd|||frs|||i001 0 eng d
020 ## - NÚMERO INTERNACIONAL NORMALIZADO PARA LIBROS
Número Internacional Estándar del Libro 9291890049
040 ## - FUENTE DE LA CATALOGACIÓN
Centro catalogador/agencia de origen MX-MxUPN
Lengua de catalogación spa
Centro/agencia transcriptor MX-MxUPN
041 ## - CÓDIGO DE IDIOMA
Código de lengua del texto/banda sonora o título independiente eng
050 ## - SIGNATURA TOPOGRÁFICA DE LA BIBLIOTECA DEL CONGRESO
Número de clasificación LB1028 B78
Número de documento/Ítem 2004
100 ## - ASIENTO PRINCIPAL--NOMBRE PERSONAL
Nombre de persona Bruneforth, Michael
9 (RLIN) 56455
100 ## - ASIENTO PRINCIPAL--NOMBRE PERSONAL
Nombre de persona Motivans, Albert
Fechas asociadas al nombre 1960-
9 (RLIN) 56456
100 ## - ASIENTO PRINCIPAL--NOMBRE PERSONAL
Nombre de persona Zhang, Yanhong
Fechas asociadas al nombre 1968-
9 (RLIN) 56457
245 10 - MENCIÓN DE TÍTULO
Título Investing in the future :
Resto del título financing the expansion of educational opportunity in Latin America and the Caribbean
260 ## - PUBLICACIÓN, DISTRIBUCIÓN, ETC.
Lugar de publicación, distribución, etc. Montréal :
Nombre del editor, distribuidor, etc. UNESCO Institut for Statistics,
Fecha de publicación, distribución, etc. 2004
300 ## - DESCRIPCIÓN FÍSICA
Extensión 52 páginas
650 #4 - ASIENTO SECUNDARIO DE MATERIA - TERMINO TEMATICO
Término de materia o nombre geográfico como elemento de entrada Educación
Subdivisión geográfica América Latina
Subdivisión de forma Estadística
9 (RLIN) 14700
650 #4 - ASIENTO SECUNDARIO DE MATERIA - TERMINO TEMATICO
Término de materia o nombre geográfico como elemento de entrada Educación
Subdivisión geográfica Caribe (Región)
Subdivisión de forma Estadística
9 (RLIN) 50696
902 ## - ELEMENTOS DE DATOS B LOCAL, LDB (RLIN)
Creó Maiella Martínez / 30042025
942 ## - ELEMENTOS DE PUNTO DE ACCESO ADICIONAL (KOHA)
Fuente del sistema de clasificación o colocación Library of Congress Classification
Tipo de ítem Koha Libro
Suprimir en OPAC No
Holdings
Estado de retiro Estado de pérdida Fuente del sistema de clasificación o colocación Estado dañado No para préstamo Código de colección Localización permanente Ubicación/localización actual Ubicación en estantería Fecha de adquisición Total de préstamos Clasificación Código de barras Fecha visto por última vez Precio válido a partir de Tipo de ítem Koha
    Library of Congress Classification   Disponible (Préstamo en sala) UNESCO Bib. Gregorio Torres Quintero Bib. Gregorio Torres Quintero Colecciones especiales Planta alta 30/04/2025   LB1028 B78 2004 U13560 30/04/2025 30/04/2025 Libro